Časopis Neue Soziale Bewegungen

Bibliographic Details
Main Author: Klobucký, Robert, 1971- (Author)
Format: Article
Language:Slovak
ISSN:0049-1225
Subjects:

MARC

LEADER 00000nab a2200000 a 4500
001 vtls000796053
003 SK-MaSNL
005 20260304105057.0
008 250429c2002 xo 0 slo
015 |a SNBRB2002/05-17730 
035 |a CLN000147708 
035 |a urn:nbn:sk:snk-ab2bka 
035 |a (urnnbn)urn:nbn:sk:snk:ar-a022z3 
035 |a (uuid)74fc59fd-f9f3-41a3-a6f2-7117ed25edcf 
040 |a SNKBUCL  |b slo  |c SNKBUCL  |e AACR2 
041 0 |a slo 
044 |a xo  |c SK 
080 |a 301(05)  |2 1997 
080 |a 05:301  |2 1997 
100 1 |a Klobucký, Robert,  |d 1971-  |4 aut  |9 227104 
245 1 0 |a Časopis Neue Soziale Bewegungen  |c Robert Klobucký 
630 0 7 |a Nové sociálne hnutia (časopis)  |2 snkbucl  |9 1405955 
655 7 |a články z novín a časopisov  |2 snkbucl  |9 267496 
773 0 |t Sociológia  |g Roč. 34, č. 2 (2002), s. 188-190  |x 0049-1225 
850 |a Slovenská národná knižnica 
852 |a Slovenská národná knižnica 
954 |a odborná, vedecká literatúra pôvodná (slovenská)  |2 lita 
958 |a article27 
958 |a SK 
958 |a OND 
958 |a EUIPO 
992 |a RBX 
999 |c 2854170  |d 2856100